[Event "TUR-chT2"]
[Site "Konya"]
[Date "2018.07.14"]
[Round "8.22"]
[White "Kestel, Ahmet Arda"]
[Black "Alsan, Ahmet"]
[Result "1-0"]
[WhiteElo "1548"]
[BlackElo "1442"]
[PlyCount "153"]
[EventDate "2018.07.10"]
[EventType "team-swiss"]
[EventRounds "9"]
[EventCountry "TUR"]
[SourceTitle "EXT 2019"]
[Source "ChessBase"]
[SourceDate "2018.10.10"]
[SourceVersion "1"]
[SourceVersionDate "2018.10.10"]
[SourceQuality "1"]
[WhiteTeam "Osmaniye Kadirli Savrun"]
[BlackTeam "Dulumpinar Turk"]
[WhiteTeamCountry "TUR"]
[BlackTeamCountry "TUR"]

1. c4 Nf6 2. Nc3 e6 3. Nf3 b6 4. g3 Bb7 5. Bg2 e5 6. 0-0 d6 7. d3 Be7 8. b3 0-0 9. Bb2 c6 10. Rc1 Nbd7 11. e4 h6 12. d4 exd4 13. Nxd4 c5 14. Nf5 Re8 15. Nxd6 Bxd6 16. Qxd6 Bxe4 17. Nxe4 Nxe4 18. Bxe4 Rxe4 19. Rcd1 Re7 20. Rd2 Qe8 21. Kg2 Ne5 22. Re1 Nxc4 23. Qxe7 Qxe7 24. Rxe7 Nxd2 25. Rd7 Ne4 26. h4 Nf6 27. Bxf6 gxf6 28. Kf3 Kf8 29. Kf4 Kg7 30. h5 b5 31. Rc7 c4 32. bxc4 bxc4 33. Rxc4 Rb8 34. Ra4 Rb7 35. Ra5 Re7 36. Kf5 Rc7 37. a4 Re7 38. f4 Rc7 39. Ke4 Rd7 40. Rd5 Rb7 41. Rb5 Rd7 42. a5 Rd6 43. Rd5 Rc6 44. Kd4 Rc1 45. Rc5 Rg1 46. Kd5 Rxg3 47. Kc6 Rg4 48. Kb7 Rxf4 49. Kxa7 Rb4 50. a6 Kf8 51. Rc6 Rb5 52. Rxf6 Kg7 53. Rb6 Rxh5 54. Kb7 Re5 55. Rc6 Rb5+ 56. Kc7 Ra5 57. Kb6 Ra3 58. Rc5 Rb3+ 59. Rb5 Re3 60. a7 Re6+ 61. Ka5 Re2 62. Rb8 Ra2+ 63. Kb6 Rxa7 64. Kxa7 f5 65. Kb6 Kg6 66. Kc5 Kg5 67. Kd4 Kf4 68. Kd3 Kf3 69. Kd2 h5 70. Rh8 Kg4 71. Ke3 f4+ 72. Kf2 h4 73. Rh7 h3 74. Rh8 h2 75. Rxh2 Kg5 76. Rg2+ Kh4 77. Rg8 1-0

[Event "Manavgat Turkey Cup"]
[Site "Manavgat"]
[Date "2016.02.04"]
[Round "9"]
[White "Alsan, Ahmet"]
[Black "Durak, Ahmet"]
[Result "0-1"]
[WhiteElo "1224"]
[BlackElo "1145"]
[PlyCount "60"]
[EventDate "2016.01.30"]
[EventType "swiss"]
[EventRounds "11"]
[EventCountry "TUR"]
[SourceTitle "CBM 170 Extra"]
[Source "ChessBase"]
[SourceDate "2016.02.25"]
[SourceVersion "1"]
[SourceVersionDate "2016.02.25"]
[SourceQuality "1"]

1. c4 Nf6 2. d4 g6 3. Nc3 Bg7 4. e4 d6 5. Bd3 e6 6. Bg5 Qd7 7. Qf3 Ng8 8. Nge2 Ne7 9. Bxe7 Qxe7 10. e5 dxe5 11. dxe5 Bxe5 12. Qe4 Nc6 13. a3 a5 14. 0-0 0-0 15. Bc2 Bg7 16. Rab1 Rb8 17. Nb5 e5 18. Nec3 Bf5 19. Qe2 Bxc2 20. Qxc2 Nd4 21. Nxd4 exd4 22. Ne2 Rbd8 23. Qd3 Rfe8 24. Rfe1 c5 25. g3 Qe4 26. Qb3 d3 27. Nf4 Qxe1+ 28. Rxe1 Rxe1+ 29. Kg2 d2 30. Nd3 d1Q 0-1

[Event "Manavgat Turkey Cup"]
[Site "Manavgat"]
[Date "2016.01.30"]
[Round "1"]
[White "Uygun, Umut Unal"]
[Black "Alsan, Ahmet"]
[Result "1-0"]
[WhiteElo "1980"]
[BlackElo "1224"]
[PlyCount "69"]
[EventDate "2016.01.30"]
[EventType "swiss"]
[EventRounds "11"]
[EventCountry "TUR"]
[SourceTitle "CBM 170 Extra"]
[Source "ChessBase"]
[SourceDate "2016.02.25"]
[SourceVersion "1"]
[SourceVersionDate "2016.02.25"]
[SourceQuality "1"]

1. e4 e5 2. Nf3 Nc6 3. Nc3 Nf6 4. Bb5 d6 5. d4 exd4 6. Nxd4 Bd7 7. Nxc6 bxc6 8. Bd3 Be7 9. 0-0 0-0 10. f4 d5 11. e5 Ng4 12. Qe1 Bc5+ 13. Kh1 d4 14. Ne4 Bb6 15. Qg3 f5 16. Ng5 h6 17. Bc4+ Kh8 18. Nf7+ Rxf7 19. Bxf7 Qe7 20. Bc4 Qc5 21. Bd3 Be6 22. h3 Ne3 23. Bxe3 dxe3 24. Qg6 Qe7 25. Rae1 Rf8 26. Kh2 Qd7 27. g4 Bd4 28. Re2 Qd5 29. gxf5 Bf7 30. Qg4 Qxa2 31. Rg1 Rg8 32. Qh4 Qxb2 33. f6 Bxe5 34. Rxg7 Rxg7 35. Qxh6+ 1-0